Las sombras que perseguimos: novela

Պահպանված է:
Մատենագիտական մանրամասներ
Հիմնական հեղինակ: Vallbona, Rima de
Ձևաչափ: Գիրք
Լեզու:Spanish
Հրապարակվել է: San José, Costa Rica Editorial Costa Rica 1983
Խորագրեր:
Ցուցիչներ: Ավելացրեք ցուցիչ
Չկան պիտակներ, Եղեք առաջինը, ով նշում է այս գրառումը!

MARC

LEADER 00000nam a22000007a 4500
008 180605b xxu||||| |||| 00| 0 spa d
040 |a cru BVZT 
090 |a 868 V-1s  
100 |a Vallbona, Rima de  
245 |a Las sombras que perseguimos: novela   |c Rima de Vallbona 
260 |a San José, Costa Rica   |b Editorial Costa Rica  |c 1983 
300 |a 184 páginas 
650 |a LITERATURA COSTARRICENSE  |9 17 
650 |a  NOVELA   |9 13 
999 |c 30528  |d 30528 
942 |c 4 D  |h 868 V-1s   |2 z